| 000 | 01199nam0a22002771 4500 | ||
|---|---|---|---|
| 001 | rc\3556564 | ||
| 005 | 20130115135855.1 | ||
| 021 |
_aRU _b77-ОЭ-76/14 |
||
| 021 |
_aRU _bРг7077-77 |
||
| 035 | _a(NLR Aleph) 007683028 | ||
| 090 |
_a6558829 _c6558829 |
||
| 100 | _a20130115d1976 |||y0rusy50 ca | ||
| 101 | 0 | _arus | |
| 102 | _aRU | ||
| 105 | _ay z ||||| | ||
| 200 | 1 |
_aПрименение единой системы технологической документации в отрасли _eМетод. разработки _fИн-т повышения квалификации руководящих работников и специалистов судостроит. пром-сти |
|
| 210 |
_aЛенинград _cБ. и. _d1976 |
||
| 215 |
_a19 с. _d21 |
||
| 300 | _aПеред загл. авт.: Л.И. Кардашин, М.Н. Кашаев; в вып. дан. - Л.И Кардашин, к. т. н., М.Н. Кашаев | ||
| 700 | 1 |
_aКардашин _bЛ. И. _gЛев Иванович |
|
| 701 | 1 |
_aКашаев _bМ. Н. _gМихаил Николаевич |
|
| 801 | 0 |
_aRU _bNLR _gpsbo |
|
| 801 | 1 |
_aRU _bELAR _2rusmarc |
|
| 852 |
_aNLR _j77-4/15126 |
||
| 942 | _cBOOK | ||
| 980 | _aNB | ||